[Event "Dindigul Cities-ch"]
[Site "Dindigul"]
[Date "2014.06.17"]
[Round "2.2"]
[White "Saravana Ganesh Pandian, VS."]
[Black "Himanshu, Sharma"]
[Result "0-1"]
[WhiteElo "1733"]
[BlackElo "2372"]
[PlyCount "52"]
[EventDate "2014.06.16"]
[EventType "team-swiss"]
[EventRounds "7"]
[EventCountry "IND"]
[SourceTitle "CBM 161 Extra"]
[Source "ChessBase"]
[SourceDate "2014.08.29"]
[SourceVersion "1"]
[SourceVersionDate "2014.08.29"]
[SourceQuality "1"]
[WhiteTeam "Sivakasi"]
[BlackTeam "Bangalore"]
[WhiteTeamCountry "IND"]
[BlackTeamCountry "IND"]

1. e4 c5 2. c3 Nf6 3. e5 Nd5 4. d4 cxd4 5. cxd4 e6 6. Nc3 Nxc3 7. bxc3 Qc7 8. Bd2 d6 9. f4 g6 10. Nf3 Bg7 11. Ng5 Nd7 12. Bd3 Nb6 13. Ne4 d5 14. Nd6+ Kf8 15. Qe2 Bd7 16. 0-0 Kg8 17. c4 dxc4 18. Bxc4 Nxc4 19. Rfc1 b5 20. Nxc4 bxc4 21. Rxc4 Qb7 22. Rb4 Qd5 23. Be3 Bf8 24. Rb2 Kg7 25. Qf2 Be7 26. Rab1 Bc6 0-1